La individualidad del niño en la educación.

Guardat en:
Dades bibliogràfiques
Autor principal: Bouchet, Henri (autor)
Format: Llibre
Idioma:espanyol
Col·lecció:(Biblioteca de cultura pedagógica ; no. 3)
Matèries:
Etiquetes: Afegir etiqueta
Sense etiquetes, Sigues el primer a etiquetar aquest registre!

MARC

LEADER 00000cam^a2200000uu^4500
001 000457857
005 20250521000000.0
008 050901s^^^^^^^^^^^^^^^^rd^r^^000^0^spa^d
009 20260310124054.867
035 |a FCE 000000301 
035 |a FCE 001202 
037 |a Acervo ITESO - Biblioteca 
041 |a spa 
082 0 4 |a 377.21  |b B252i 
100 |a Bouchet, Henri  |e (autor) 
245 1 3 |a La individualidad del niño en la educación. 
264 |a Buenos Aires :  |b Kapelusz,  |c 1951. 
300 |a 320 p. 
336 |a texto  |b txt  |2 rdacontenido 
337 |a sin mediación  |b n  |2 rdamedio 
338 |a volumen  |b nc  |2 rdasoporte 
440 0 |a (Biblioteca de cultura pedagógica ;  |v no. 3) 
649 |a XX 
650 |a Educación del niño 
650 |a Niño 
650 |a Autonomía 
650 |a Enseñanza individualizada 
650 |a Psicología del niño 
910 |a Fondo Centro de Estudios Educativos 
920 |a Impresos - Libros 
930 |a Fondos Especiales 
905 |a 133 
901 |a ALE001202  |b IT2  |c CEE  |u 20250521 
901 |a ALE043104  |b IT2  |c CEE  |u 20250521 
902 |a https://opac.biblio.iteso.mx/vufind/Record/000457857